Statistics for Who Wrote That Book #2

Click here to take the quiz!

General Stats

  • This quiz has been taken 40,578 times
  • The average score is 11 of 24

Answer Stats

BookAuthor% Correct
Pride and PrejudiceJane Austen
84%
To Kill a MockingbirdHarper Lee
68%
Adventures of Huckleberry FinnMark Twain
64%
Finnegans WakeJames Joyce
61%
The PrinceNiccolò Machiavelli
61%
The Bell JarSylvia Plath
58%
The HobbitJ.R.R. Tolkien
55%
The MetamorphosisFranz Kafka
49%
Charlie and the Chocolate FactoryRoald Dahl
48%
The Satanic VersesSalman Rushdie
48%
The Divine ComedyDante Alighieri
47%
Paradise LostJohn Milton
46%
Remembrance of Things PastMarcel Proust
43%
The FountainheadAyn Rand
41%
The Call of the WildJack London
40%
BelovedToni Morrison
40%
To the LighthouseVirginia Woolf
38%
DuneFrank Herbert
37%
In Cold BloodTruman Capote
36%
One Hundred Years of SolitudeGabriel García Márquez
32%
I, ClaudiusRobert Graves
29%
One Flew Over the Cuckoo's NestKen Kesey
25%
Infinite JestDavid Foster Wallace
23%
Portnoy's ComplaintPhilip Roth
20%

Score Distribution

Percentile by Number Answered

Percent of People with Each Score

Your Score History

You have not taken this quiz